000 00975nam a2200313 a 4500
001 vtls000196042
003 NLI
005 20210602113029.0
008 101125s1975 enk 001 0 eng
020 _a0571048781 :
_cPND 7.99
039 9 _y201011252322
_zVLOAD
040 0 _aNLI
_beng
_cDatasoft 1
_eAACR2
041 0 _aeng
044 _aenk
082 0 4 _a320.973
100 1 _aLees, John David
_9231257
245 1 4 _aThe political system of the United States /
_cJohn D. Lees
250 _aNew ed.
260 _aLondon :
_bFaber and Faber,
_c1975
300 _a378 p. ;
_c21 cm.
500 _aIncludes index
651 0 _aUnited States
_xPolitics and government
_y1945-1989
_9237210
887 _a
901 _a424665
_b25.2.1976
902 _aE 320.973 L 518
942 _2ddc
_cBKS
949 _AVIRTUAITEM
_D10000
_X100
_6PUR000424665ENG
999 _aVIRTUA40
_c200059
_d200059
999 _aVTLSSORT0080*0200*0400*0410*0440*0820*1000*2450*2500*2600*3000*5000*6510*9010*9020*9490*9991